Communicating good news. (Record no. 13159)

000 -LEADER
fixed length control field 00570nam a2200181 a 4500
001 - CONTROL NUMBER
control field :::00010977$&:&@@
003 - CONTROL NUMBER IDENTIFIER
control field OkBaRHE
005 - DATE AND TIME OF LATEST TRANSACTION
control field 20000607103404.0
008 - FIXED-LENGTH DATA ELEMENTS--GENERAL INFORMATION
fixed length control field s1972 j 000 0 eng u
040 ## - CATALOGING SOURCE
Transcribing agency
100 1# - MAIN ENTRY--PERSONAL NAME
Personal name Augsburger, David W.
245 10 - TITLE STATEMENT
Title Communicating good news.
260 ## - PUBLICATION, DISTRIBUTION, ETC. (IMPRINT)
Place of publication, distribution, etc Scottdale, PA., :
Name of publisher, distributor, etc Mennonite Publishing House
Date of publication, distribution, etc c1972
300 ## - PHYSICAL DESCRIPTION
Extent 110 p. : illus. ;
Dimensions 20 cm.
650 ## - SUBJECT ADDED ENTRY--TOPICAL TERM
Topical term or geographic name as entry element Witness Bearing (Christianity)
942 ## - ADDED ENTRY ELEMENTS (KOHA)
Source of classification or shelving scheme
Koha item type Books
Copies
Copy number Source of classification or shelving scheme Price effective from Full call number Damaged status Permanent Location Koha item type Date last seen Shelving location Not for loan Lost status Withdrawn status Date acquired Barcode
1 2010-04-14BV 4520 .A46 RHEMA Bible Training CollegeBooks2010-04-14General Stacks   2010-04-1410977